Najvýznamnejšou novou právnou normou je Občiansky zákonník

Nový Občiansky zákonník (zákon č. 89/2012 Sb.), ktorý sa prijal v Českej republike, s účinnosťou od 1. januára 2014. Zmeny v právnej úprave s dopadmi na poisťovníctvo. Novokoncipované zásady a princípy si vyžadujú úpravu zmluvných dokumentov a postupov pri distribúcii a likvidácii poistných udalostí...

Descrizione completa

Salvato in:
Dettagli Bibliografici
Autore principale: Hlaváčková, Zuzana
Natura: Capitolo di libro
Lingua:slovacco
Soggetti:
Tags: Aggiungi Tag
Nessun Tag, puoi essere il primo ad aggiungerne!!

MARC

LEADER 00000naa a2200000 4500
001 0174981
005 20221020085753.1
041 0 |a slo 
044 |a SK 
245 1 0 |a Najvýznamnejšou novou právnou normou je Občiansky zákonník  |c Zuzana Hlaváčková 
520 |a Nový Občiansky zákonník (zákon č. 89/2012 Sb.), ktorý sa prijal v Českej republike, s účinnosťou od 1. januára 2014. Zmeny v právnej úprave s dopadmi na poisťovníctvo. Novokoncipované zásady a princípy si vyžadujú úpravu zmluvných dokumentov a postupov pri distribúcii a likvidácii poistných udalostí. 
610 2 0 |a Česko 
610 2 0 |a poisťovníctvo 
610 2 0 |a poisťovne 
610 2 0 |a trh poistný 
610 2 0 |a zákonník občiansky 
610 2 0 |a úpravy právne 
610 2 0 |a zákony 
100 1 |a Hlaváčková, Zuzana